[Event "Budapest op 4th"]
[Site "Budapest"]
[Date "2014.08.21"]
[Round "6"]
[White "Kovacsy, Barnabas"]
[Black "Szecsi, Peter"]
[Result "1/2-1/2"]
[WhiteElo "1622"]
[BlackElo "1858"]
[PlyCount "40"]
[EventDate "2014.08.16"]
[EventType "swiss"]
[EventRounds "9"]
[EventCountry "HUN"]
[SourceTitle "CBM 161 Extra"]
[Source "ChessBase"]
[SourceDate "2014.08.29"]
[SourceVersion "1"]
[SourceVersionDate "2014.08.29"]
[SourceQuality "1"]

1. e4 c6 2. d4 d5 3. Nc3 dxe4 4. Nxe4 Bf5 5. Ng3 Bg6 6. h4 h6 7. Nf3 Nd7 8. h5 Bh7 9. Bd3 Bxd3 10. Qxd3 Ngf6 11. Bf4 Qa5+ 12. Bd2 Qc7 13. 0-0-0 e6 14. Ne4 Nxe4 15. Qxe4 Nf6 16. Qe2 0-0-0 17. g3 Bd6 18. Ne5 Bxe5 19. Qxe5 Qxe5 20. dxe5 Nd5 1/2-1/2

[Event "HUN-chT2 Breyer 1314"]
[Site "Hungary"]
[Date "2013.10.20"]
[Round "3"]
[White "Szecsi, Peter"]
[Black "Erky, Tamas"]
[Result "1/2-1/2"]
[WhiteElo "1869"]
[BlackElo "1552"]
[PlyCount "38"]
[EventDate "2013.09.08"]
[EventType "team-tourn"]
[EventRounds "9"]
[EventCountry "HUN"]
[SourceTitle "EXT 2016"]
[Source "ChessBase"]
[SourceDate "2015.10.08"]
[SourceVersion "1"]
[SourceVersionDate "2015.10.08"]
[SourceQuality "1"]
[WhiteTeam "Szazhalombatta"]
[BlackTeam "Gyor Szechenyi"]
[WhiteTeamCountry "HUN"]
[BlackTeamCountry "HUN"]

1. e4 c5 2. Nf3 d6 3. d4 cxd4 4. Nxd4 Nf6 5. Nc3 Nc6 6. Bc4 e6 7. Be3 a6 8. a4 Be7 9. 0-0 0-0 10. h3 Qc7 11. Be2 Ne5 12. f4 Nc4 13. Bxc4 Qxc4 14. Qe2 Qb4 15. Rfb1 e5 16. fxe5 dxe5 17. Nf5 Bxf5 18. exf5 Rad8 19. Ra3 Rd7 1/2-1/2

[Event "HUN-chT2 Breyer 1112"]
[Site "Hungary"]
[Date "2012.03.11"]
[Round "7.8"]
[White "Szecsi, Peter"]
[Black "Albert, Janos"]
[Result "1/2-1/2"]
[WhiteElo "1860"]
[BlackElo "1939"]
[PlyCount "31"]
[EventDate "2011.09.25"]
[EventType "team-tourn"]
[EventRounds "11"]
[EventCountry "HUN"]
[SourceTitle "EXT 2013"]
[Source "ChessBase"]
[SourceDate "2012.11.22"]
[SourceVersion "1"]
[SourceVersionDate "2012.11.22"]
[SourceQuality "1"]
[WhiteTeam "Szazhalombatta"]
[BlackTeam "Zsambek"]
[WhiteTeamCountry "HUN"]
[BlackTeamCountry "HUN"]

1. e4 d6 2. d4 Nf6 3. Nc3 g6 4. f4 Bg7 5. Nf3 0-0 6. Bd3 Nc6 7. e5 dxe5 8. dxe5 Nd5 9. Bd2 Bf5 10. Bxf5 gxf5 11. Qe2 Nxc3 12. Bxc3 Qd5 13. 0-0 e6 14. Rfd1 Qc5+ 15. Qf2 Qxf2+ 16. Kxf2 1/2-1/2

[Event "Budapest op 1st"]
[Site "Budapest"]
[Date "2011.08.21"]
[Round "2"]
[White "Szatmari, David"]
[Black "Szecsi, Peter"]
[Result "1-0"]
[WhiteElo "2021"]
[BlackElo "1842"]
[PlyCount "53"]
[EventDate "2011.08.20"]
[EventType "swiss"]
[EventRounds "9"]
[EventCountry "HUN"]
[SourceTitle "EXT 2022"]
[Source "ChessBase"]
[SourceDate "2021.10.06"]
[SourceVersion "1"]
[SourceVersionDate "2021.10.06"]
[SourceQuality "1"]

1. e4 e6 2. d4 d5 3. Nc3 Bb4 4. e5 c5 5. a3 Bxc3+ 6. bxc3 Ne7 7. Nf3 Qc7 8. Bd3 Nbc6 9. 0-0 c4 10. Be2 0-0 11. a4 Nf5 12. Ba3 Re8 13. Qd2 a6 14. g4 Nfe7 15. Qg5 Ng6 16. Ne1 Qd8 17. Qe3 f5 18. gxf5 exf5 19. Ng2 Be6 20. Kh1 Qd7 21. Rg1 Qf7 22. Bh5 f4 23. Bxg6 fxe3 24. Bxf7+ Kxf7 25. Nxe3 Ne7 26. Rab1 Bc8 27. Bxe7 1-0

[Event "HUN-chT2 Breyer 1011"]
[Site "Hungary"]
[Date "2011.05.01"]
[Round "10.10"]
[White "Szecsi, Peter"]
[Black "Kovacs, Zsolt1111"]
[Result "1/2-1/2"]
[WhiteElo "1818"]
[BlackElo "2049"]
[PlyCount "61"]
[EventDate "2010.09.12"]
[EventType "team-tourn"]
[EventRounds "11"]
[EventCountry "HUN"]
[SourceTitle "EXT 2012"]
[Source "ChessBase"]
[SourceDate "2011.11.24"]
[SourceVersion "1"]
[SourceVersionDate "2011.11.24"]
[SourceQuality "1"]
[WhiteTeam "Szazhalombatta"]
[BlackTeam "Torokbalint"]
[WhiteTeamCountry "HUN"]
[BlackTeamCountry "HUN"]

1. e4 c5 2. Nf3 e6 3. d4 cxd4 4. Nxd4 Nf6 5. Bd3 Nc6 6. Nxc6 bxc6 7. 0-0 Qc7 8. Nc3 Rb8 9. Rb1 Be7 10. Qe2 d6 11. Re1 e5 12. h3 Be6 13. a3 h6 14. f4 exf4 15. Bxf4 Qb6+ 16. Kh1 Nd7 17. Nd5 Qd8 18. Nxe7 Qxe7 19. Bc4 0-0 20. Red1 Ne5 21. Bxe5 dxe5 22. Bxe6 Qxe6 23. Qd3 Qg6 24. b3 Kh7 25. Qe3 Rbd8 26. Rd3 f5 27. Rbd1 f4 28. Qf3 Qf6 29. a4 a5 30. Kg1 Qg5 31. Kh1 1/2-1/2

[Event "HUN-chT2 Breyer 1011"]
[Site "Hungary"]
[Date "2010.11.21"]
[Round "6.10"]
[White "Horvath, Gyorgy Attila"]
[Black "Szecsi, Peter"]
[Result "1/2-1/2"]
[WhiteElo "1926"]
[BlackElo "1818"]
[PlyCount "45"]
[EventDate "2010.09.12"]
[EventType "team-tourn"]
[EventRounds "11"]
[EventCountry "HUN"]
[SourceTitle "EXT 2012"]
[Source "ChessBase"]
[SourceDate "2011.11.24"]
[SourceVersion "1"]
[SourceVersionDate "2011.11.24"]
[SourceQuality "1"]
[WhiteTeam "MAFC"]
[BlackTeam "Szazhalombatta"]
[WhiteTeamCountry "HUN"]
[BlackTeamCountry "HUN"]

1. e4 c5 2. f4 d6 3. Nf3 a6 4. Nc3 Nc6 5. d3 Nf6 6. Be2 e6 7. 0-0 Be7 8. h3 b5 9. e5 dxe5 10. fxe5 Nd7 11. Bf4 Ndxe5 12. Nxe5 Qd4+ 13. Kh1 Nxe5 14. Bxe5 Qxe5 15. Bf3 Bd6 16. Bc6+ Bd7 17. Bxd7+ Kxd7 18. Kg1 Qd4+ 19. Kh1 Qe5 20. Kg1 Qd4+ 21. Kh1 Qe5 22. Kg1 Qd4+ 23. Kh1 1/2-1/2

[Event "HUN-chT2 Breyer 1011"]
[Site "Hungary"]
[Date "2010.09.26"]
[Round "2.10"]
[White "Sumegi, Miklos Andras"]
[Black "Szecsi, Peter"]
[Result "0-1"]
[WhiteElo "2014"]
[BlackElo "1818"]
[PlyCount "66"]
[EventDate "2010.09.12"]
[EventType "team-tourn"]
[EventRounds "11"]
[EventCountry "HUN"]
[SourceTitle "EXT 2012"]
[Source "ChessBase"]
[SourceDate "2011.11.24"]
[SourceVersion "1"]
[SourceVersionDate "2011.11.24"]
[SourceQuality "1"]
[WhiteTeam "Vizugy"]
[BlackTeam "Szazhalombatta"]
[WhiteTeamCountry "HUN"]
[BlackTeamCountry "HUN"]

1. d4 Nf6 2. g3 e6 3. Bg2 d5 4. Nf3 Nbd7 5. c3 Bd6 6. Qc2 c5 7. Nbd2 Qc7 8. 0-0 0-0 9. Re1 Rb8 10. e4 dxe4 11. Nxe4 Nxe4 12. Rxe4 Nf6 13. Rh4 cxd4 14. Rxd4 e5 15. Rh4 g6 16. Bg5 Bf5 17. Qe2 Nd7 18. Bh3 Bxh3 19. Rxh3 f6 20. Be3 a6 21. Rd1 Rbd8 22. Nh4 f5 23. Nf3 Nf6 24. Ng5 Rfe8 25. Rh4 b5 26. Qc2 e4 27. Qb3+ Qc4 28. Bd4 Qxb3 29. axb3 Be5 30. Ra1 Bxd4 31. cxd4 Rd6 32. f3 e3 33. d5 Rxd5 0-1

[Event "Budapest FS09 FM-B"]
[Site "Budapest"]
[Date "2009.09.11"]
[Round "7"]
[White "Szecsi, Peter"]
[Black "Szoukup, Helga"]
[Result "1/2-1/2"]
[WhiteElo "1776"]
[BlackElo "1921"]
[PlyCount "49"]
[EventDate "2009.09.05"]
[EventType "tourn"]
[EventRounds "9"]
[EventCountry "HUN"]
[SourceTitle "CBM 132 Extra"]
[Source "ChessBase"]
[SourceDate "2009.11.03"]
[SourceVersion "1"]
[SourceVersionDate "2009.11.03"]
[SourceQuality "1"]

1. e4 c6 2. d4 d5 3. e5 c5 4. dxc5 e6 5. Be3 Qc7 6. Nf3 Bxc5 7. Bxc5 Qxc5 8. c3 Qc7 9. Nbd2 Nc6 10. Bb5 Bd7 11. Bxc6 Bxc6 12. 0-0 Ne7 13. Nb3 Nf5 14. Nbd4 Nxd4 15. cxd4 Qb6 16. Qd2 h6 17. Rac1 Bb5 18. Rfd1 Qa6 19. Qb4 Bc6 20. a3 Qa4 21. Qxa4 Bxa4 22. Rd3 Kd7 23. Rdc3 Rac8 24. Rxc8 Rxc8 25. Rxc8 1/2-1/2

[Event "Budapest FS09 FM-B"]
[Site "Budapest"]
[Date "2009.09.06"]
[Round "2"]
[White "Szecsi, Peter"]
[Black "Horvath, Zoltan3333"]
[Result "1-0"]
[WhiteElo "1776"]
[BlackElo "1500"]
[PlyCount "119"]
[EventDate "2009.09.05"]
[EventType "tourn"]
[EventRounds "9"]
[EventCountry "HUN"]
[SourceTitle "CBM 132 Extra"]
[Source "ChessBase"]
[SourceDate "2009.11.03"]
[SourceVersion "1"]
[SourceVersionDate "2009.11.03"]
[SourceQuality "1"]

1. e4 c5 2. Nf3 d6 3. d4 cxd4 4. Nxd4 Nf6 5. Nc3 a6 6. Bg5 e6 7. f4 Be7 8. Qf3 Qc7 9. h3 b5 10. a3 Bb7 11. Bd3 Nbd7 12. Qe2 Nc5 13. Nf3 Nxd3+ 14. cxd3 h6 15. Bh4 Rc8 16. 0-0 0-0 17. Rac1 Qd7 18. Rfd1 Nh7 19. Bxe7 Qxe7 20. d4 Rfe8 21. Qf2 f5 22. e5 Bxf3 23. Qxf3 dxe5 24. dxe5 Nf8 25. Rd6 Qa7+ 26. Kh2 Red8 27. Rcd1 Rxd6 28. Rxd6 Qa8 29. Qxa8 Rxa8 30. g4 g6 31. Kg3 Ra7 32. Ne2 Kf7 33. Kf3 a5 34. Rb6 b4 35. axb4 a4 36. Rc6 a3 37. bxa3 Rxa3+ 38. Rc3 Rxc3+ 39. Nxc3 Nd7 40. gxf5 exf5 41. Ke3 Ke6 42. h4 g5 43. fxg5 hxg5 44. hxg5 Kxe5 45. Ne2 Nb6 46. Kf3 Nd5 47. b5 Nb6 48. Kg3 Nd5 49. Kh4 Kd6 50. g6 Ne7 51. g7 Kc5 52. Kg5 Kxb5 53. Nd4+ Kc5 54. Nxf5 Ng8 55. Kg6 Kd5 56. Kf7 Ke5 57. Kxg8 Kf6 58. Kh7 Ke5 59. g8Q Kf6 60. Qg6+ 1-0

[Event "Budapest FS09 FM-B"]
[Site "Budapest"]
[Date "2009.09.05"]
[Round "1"]
[White "Farkas, Richard"]
[Black "Szecsi, Peter"]
[Result "1/2-1/2"]
[WhiteElo "1900"]
[BlackElo "1776"]
[PlyCount "72"]
[EventDate "2009.09.05"]
[EventType "tourn"]
[EventRounds "9"]
[EventCountry "HUN"]
[SourceTitle "CBM 132 Extra"]
[Source "ChessBase"]
[SourceDate "2009.11.03"]
[SourceVersion "1"]
[SourceVersionDate "2009.11.03"]
[SourceQuality "1"]

1. e4 c5 2. Nc3 d6 3. g3 Nc6 4. Bg2 Nf6 5. d3 g6 6. f4 Bg7 7. Nf3 Bg4 8. h3 Bd7 9. 0-0 0-0 10. g4 e6 11. Be3 b6 12. d4 cxd4 13. Nxd4 Rc8 14. Qd2 Nxd4 15. Bxd4 Qe7 16. f5 gxf5 17. gxf5 e5 18. Be3 Bc6 19. Rad1 Rcd8 20. Bg5 Kh8 21. Rf3 Rg8 22. Rd3 Bf8 23. Kh2 Ng4+ 24. hxg4 Qxg5 25. Qxg5 Rxg5 26. Kh3 f6 27. Nd5 Bxd5 28. Rxd5 Rc8 29. c3 Be7 30. Bf1 Rcg8 31. Be2 h5 32. Rg1 hxg4+ 33. Rxg4 Rxg4 34. Bxg4 Rc8 35. Rb5 Rc5 36. Rxc5 dxc5 1/2-1/2

[Event "Budapest FS07 FM-C"]
[Site "Budapest"]
[Date "2009.07.04"]
[Round "1"]
[White "Szecsi, Peter"]
[Black "Pataki, Zemplen"]
[Result "1/2-1/2"]
[WhiteElo "1755"]
[BlackElo "1544"]
[PlyCount "109"]
[EventDate "2009.07.04"]
[EventType "tourn"]
[EventRounds "7"]
[EventCountry "HUN"]
[SourceTitle "CBM 131 Extra"]
[Source "ChessBase"]
[SourceDate "2009.09.03"]
[SourceVersion "2"]
[SourceVersionDate "2009.09.16"]
[SourceQuality "1"]

1. e4 c5 2. Nf3 Nc6 3. d4 cxd4 4. Nxd4 e5 5. Nb5 d6 6. N1c3 a6 7. Na3 b5 8. Nd5 Nf6 9. Nxf6+ Qxf6 10. c3 Be7 11. Be2 Bb7 12. 0-0 0-0 13. Nc2 Nb8 14. f3 Qg6 15. Ne3 Nd7 16. Nf5 Rfe8 17. Nxe7+ Rxe7 18. Be3 Rd8 19. Qb3 Nf6 20. Rad1 d5 21. exd5 Nxd5 22. c4 bxc4 23. Bxc4 Red7 24. Bf2 Nf4 25. Bg3 Rxd1 26. Rxd1 Rxd1+ 27. Qxd1 Qb6+ 28. Bf2 Qc7 29. b3 h6 30. Kf1 e4 31. fxe4 Bxe4 32. g3 Ng6 33. Bxa6 Qc6 34. Bc4 Qc8 35. Qh5 Bb7 36. Qxg6 Qxc4+ 37. bxc4 fxg6 38. c5 Bc6 39. Ke2 Kf7 40. Kd3 Ke6 41. Kc3 g5 42. Kb4 Kd7 43. Bd4 g6 44. Be5 Kc8 45. Ka5 Kb7 46. Bg7 h5 47. Bf6 g4 48. Kb4 Ka6 49. Kc4 Ka5 50. Kd4 Kb5 51. Be7 Bf3 52. Ke5 Kc6 53. a4 Be2 54. Kd4 Ba6 55. Bd8 1/2-1/2